1432 1013 1280 1367 1935 1827 1628 1190 1135 1778 1625 1694 1523 1752 1357 1006 1139 1813 1175 1371 1218 1198 1349 1188 1181 1392 1002 1486 1862 1672 1847 1007 1698 1406 1000 1982 1975 1065 1569 1808 1220 1557 1287 1749 1281 1367 1099 1114 1195 1669 1298 1416 1831 1596 1736 1149 1605 1179 1750 1039 1349 1158 1781 1244 1794 1172 1564 1364 1069 1794 1364 1761 1650 1860 1868 1430 1305 1666 1862 1062 1824 1747 1823 1782 1071 1697 1520 1404 1397 1570 1163 1482 1588 1555 1057 1104 1852 1268 1963 BCNSPRNW ULIB Ver.6.0+V

เปลี่ยนเป็นภาษาไทย

Change to English
 แสดงรายละเอียดบรรณานุกรม
  กลับหน้าหลัก

Brief Record : Get Marc (ISO 2709) : E-mail record : QR code < ปิดหน้าต่าง
LEADER : 00000nam 2200000uu 4500
001    13399113445
003     ULIB
008    110627s2551||||th 000 0 tha d
020    9789749753866
090    นว.^bส222ร 2551
100 0  สปาร์เก็ตตี้
245 00 ปาฏิหาริย์พรหมลิขิตรัก/^cสปาร์เก็ตตี้
250    พิมพ์ครั้งที่ 1
260    กรุงเทพฯ :^bSugar rian,^c2551
300    222 หน้า
710 1  Sugar rian
945    ^p159^l0^i024675
995    ทศพร
999 ^a ใช้งานได้ทุกระบบ
รายการนี้ยังไม่มีแท็ก
คุณยังไม่ได้ล็อกอิน คุณสามารถมีกิจกรรมร่วมกับเว็บไซต์ได้ แต่ต้องล็อกอินก่อน ::
  ล็อกอิน

รายการสื่อสารสนเทศ

ลำดับที่ ประเภท เลขเรียก/บาร์โค้ด สถานที่ สถานะ
1. นวนิยาย
นวนิยาย
นว. ส222ร 2551 ฉ.1 
  Barcode: 024675
ห้องสมุดวิทยาเขตสวรรค์ประชารักษ์
►นวนิยาย
บนชั้น
  ขอยืม

BibComment


ยังไม่เคยถูกคอมเมนท์

คอมเมนท์ทรัพยากรรายการนี้
  คอมเมนท์: ปาฏิหาริย์พรหมลิข..


 Copyright 2026. Bcnsprnw @Library